LEADER 01068nam a22002291i 4500 001 991002921149707536 005 20030818115352.0 008 030925s1967 it |||||||||||||||||ita 035 $ab12355392-39ule_inst 035 $aARCHE-040293$9ExL 040 $aBiblioteca Interfacoltà$bita$cA.t.i. Arché s.c.r.l. Pandora Sicilia s.r.l. 110 2 $aUniversità degli Studi $0254748 245 10$aRelazione del rettore prof. Felice Battaglia nell'occasione della solenne inaugurazione degli studi :$bAnno acc. 1966-67, il 4 marzo 1967 260 $aBologna :$btip. Compositori,$c1967 300 $a15 p. ;$c21 cm 700 1 $aBattaglia, Felice 907 $a.b12355392$b02-04-14$c08-10-03 912 $a991002921149707536 945 $aLE002 Busta A 83/20 (Fondo Codacci-Pisanelli)$g1$i2002000108647$lle002$o-$pE0.00$q-$rn$so $t0$u0$v0$w0$x0$y.i12759624$z08-10-03 996 $aRelazione del rettore prof. Felice Battaglia nell'occasione della solenne inaugurazione degli studi$9158214 997 $aUNISALENTO 998 $ale002$b08-10-03$cm$da $e-$fita$git $h0$i1 LEADER 00820nam a2200193 u 4500 001 991004335434407536 005 20240718120738.0 008 240718s1978 au r 001 0 ger d 020 $a3211814078 040 $aBibl. Dip.le Aggr. Scienze Giuridiche - Sez. Centro Studi sul Rischio$bita 041 0 $ager 100 1 $aKrawietz, Werner$0170109 245 10$aJuristische Entscheidung und wissenschaftliche Erkenntnis :$beine Untersuchung zum Verhaltnis von dogmatischer Rechtswissenschaft und rechtswissenschaftlicher Grundlagenforschung /$cWerner Krawietz 260 $aWien ;$aNew York :$bSpringer,$c1978 300 $aXXI, 316 p. ;$c23 cm 490 0 $aForschungen aus Staat und Recht ;$v38 912 $a991004335434407536 996 $aJuristische Entscheidung und wissenschaftliche Erkenntnis$94176600 997 $aUNISALENTO